Zgadnij co to za państwo po nierównym kształcie - Statystyki

Ogólne statystyki
  • Ten quiz został rozwiązany 21 razy
  • Średni wynik to 18 z 20
Statystyki odpowiedzi
Obrazkowy Odpowiedź % Poprawnych
Francja
100%
Polska
100%
Australia
95%
Hiszpania
95%
Indie
95%
Japonia
95%
Niemcy
95%
Stany Zjednoczone | USA
95%
Wielka Brytania
95%
Włochy
95%
Brazylia
89%
Chile
89%
Egipt
89%
Ukraina
89%
Rosja
84%
Izrael
79%
Turcja
79%
Chiny
74%
Słowacja
74%
Finlandia
68%
Nie znaleziono quizów pasujących do podanych kryteriów
Rozkład punktacji
Procent ludzi z każdym wynikiem
Percentyl według liczby udzielonych odpowiedzi
Twoja historia wyników
Nie rozwiązałeś tego quizu